guess the laufey song no hints #10 - Statistics

General Stats
  • This quiz has been taken 106 times
  • The average score is 109 of 215
Answer Stats
Answer % Correct
I
97%
a
93%
you
89%
the
83%
The
83%
love
82%
do
75%
be
72%
your
71%
and
69%
And
69%
no
68%
to
67%
in
63%
so
63%
Don't
61%
don't
61%
it
61%
I'm
60%
go
58%
on
58%
that
58%
will
58%
Will
58%
know
56%
too
56%
of
54%
Of
54%
at
53%
her
53%
could
51%
let
51%
from
50%
think
50%
is
49%
You'll
49%
you'll
49%
just
47%
One
47%
one
47%
they
47%
But
46%
curly
46%
hair
46%
little
46%
Little
46%
up
46%
wish
46%
beautiful
44%
'bout
44%
fall
44%
give
44%
girl's
43%
girls
43%
Myself
43%
name
43%
she's
43%
thirteen
42%
worry
42%
day
40%
grow
40%
kiss
40%
first
39%
had
39%
last
39%
scream
39%
stage
39%
things
39%
thought
39%
all
38%
back
38%
boys
38%
never
38%
say
38%
squeeze
38%
Another
35%
big
35%
eyes
35%
feel
35%
stare
35%
you'd
35%
blonde
33%
dream
33%
long
33%
pick
33%
story
33%
with
33%
Write
33%
different
32%
fit
32%
may
32%
much
32%
sorry
32%
anywhere
31%
blue
31%
crowd
31%
tough
31%
'cause
29%
charm
29%
Clothes
29%
loud
29%
quite
29%
seem
29%
than
29%
baby
28%
confident
28%
foreign
28%
gym
28%
Life
28%
Please
28%
Try
28%
Voices
28%
darling
26%
days
26%
make
26%
them
26%
echo
25%
going
25%
Keep
25%
cares
24%
laugh
24%
failure
22%
silly
22%
fears
21%
prettier
21%
sense
21%
tears
21%
No matching quizzes found
Score Distribution
Percent of People with Each Score
Percentile by Number Answered
Your Score History
You have not taken this quiz